000 00676nam a2200193 i 4500
001 88478
003 ES-MaACL
005 20250828000906.0
007 t|
008 050104s1963 sp |||| | spa d
100 0 _aLalinde Abadía, Jesús,
_d1920-2007
_969731
245 1 3 _aLa gobernación general en la Corona de Aragón /
_cJesús Lalinde Abadía.
260 _aMadrid :
_bConsejo Superior de Investigaciones Científicas, Instituto Jerónimo Zurita,
_c1963.
300 _aXXVIII, 547 p. ;
_c24 cm.
651 4 _aAragón (Reino)-
_xHistoria.
_97791
710 2 _aInstituto Jerónimo Zurita
_95106
852 _aES-MaACL
_jC-23358
999 _c88478
_d88478